000 00521nam a22001937a 4500
999 _c65724
_d65724
005 20240530110840.0
008 191224s2017 g 000 0 es d
017 _bمصر. دار الكتب
020 _a9789562443739
040 _aEG-CaGPL
_cEG-CaGPL
082 0 4 _221
_a861\
_bZ R
100 1 _azurita , raul
245 1 0 _ael mar del dolor poemas 1979 -2016 /
_craul zurita
300 _a251 p. ؛
_c20 sm.
650 0 7 _2qrmak
_aprosa
651 _2qrmak
_apoesia
942 _2ddc
_cBK